|
|
|
|
| LEADER |
02032nam a2200577 i 4500 |
| 001 |
nkc20172962700 |
| 003 |
CZ PrNK |
| 005 |
20180220144148.0 |
| 007 |
ta |
| 008 |
171215s2017 xr a e p 000 0 slo |
| 015 |
|
|
|a cnb002962700
|
| 020 |
|
|
|a 978-80-263-1374-8
|q (brožováno)
|
| 035 |
|
|
|a (OCoLC)1028188654
|
| 040 |
|
|
|a OLA001
|b cze
|e rda
|
| 072 |
|
7 |
|a 624
|x Stavební inženýrství
|2 Konspekt
|9 19
|
| 072 |
|
7 |
|a 37.016
|x Učební osnovy. Vyučovací předměty. Učebnice
|2 Konspekt
|9 22
|
| 080 |
|
|
|a 620.193.23
|2 MRF
|
| 080 |
|
|
|a 53.08.093
|2 MRF
|
| 080 |
|
|
|a 624.01/.07
|2 MRF
|
| 080 |
|
|
|a 69.059.4
|2 MRF
|
| 080 |
|
|
|a (075.8)
|2 MRF
|
| 100 |
1 |
|
|a Šmotlák, Marcel
|7 mzk2017939564
|4 aut
|
| 245 |
1 |
0 |
|a Vlhkosť a jej vplyv na životnosť stavieb /
|c Marcel Šmotlák, Barbara Chamulová
|
| 250 |
|
|
|a Vydanie prvé
|
| 264 |
|
1 |
|a Brno :
|b Tribun EU,
|c 2017
|
| 300 |
|
|
|a 67 stran :
|b ilustrace ;
|c 25 cm
|
| 336 |
|
|
|a text
|b txt
|2 rdacontent
|
| 337 |
|
|
|a bez média
|b n
|2 rdamedia
|
| 338 |
|
|
|a svazek
|b nc
|2 rdacarrier
|
| 490 |
1 |
|
|a Librix.eu
|
| 500 |
|
|
|a Terminologický slovník
|
| 500 |
|
|
|a 100 výtisků
|
| 504 |
|
|
|a Obsahuje bibliografii
|
| 650 |
0 |
7 |
|a vlhkost materiálů
|7 ph241641
|2 czenas
|
| 650 |
0 |
7 |
|a měření vlhkosti
|7 ph606725
|2 czenas
|
| 650 |
0 |
7 |
|a stavební konstrukce
|7 ph116279
|2 czenas
|
| 650 |
0 |
7 |
|a životnost staveb
|7 ph135236
|2 czenas
|
| 650 |
0 |
9 |
|a moisture
|2 eczenas
|
| 650 |
0 |
9 |
|a moisture measurement
|2 eczenas
|
| 650 |
0 |
9 |
|a structures
|2 eczenas
|
| 650 |
0 |
9 |
|a life of buildings
|2 eczenas
|
| 655 |
|
7 |
|a učebnice vysokých škol
|7 fd133772
|2 czenas
|
| 655 |
|
9 |
|a textbooks (higher)
|2 eczenas
|
| 700 |
1 |
|
|a Chamulová, Barbara
|7 jo2014802183
|4 aut
|
| 830 |
|
0 |
|a Librix.eu
|0 s
|
| 910 |
2 |
|
|a BOA001
|b 2-1401.344
|
| 990 |
|
|
|a BK
|
| 995 |
|
|
|a 01
|
| 991 |
|
|
|b 201801
|c NOV
|
| 996 |
6 |
|
|b 2610730987
|c 2-1401.344
|l MZK
|r Sklad / do 1 hodiny
|n 0
|p p.v.
|w 001646763
|u 000010
|a 1
|e BOA001
|j MZK50
|s P
|
| 996 |
7 |
|
|b 2610730988
|c 2-1401.344
|l MZK
|r Sklad / do 1 hodiny
|n 1
|p p.v.
|w 001646763
|u 000020
|a 1
|e BOA001
|j MZK50
|s A
|